[Event "14th Master Open"]
[Site "Voronezh RUS"]
[Date "2010.06.16"]
[Round "5"]
[White "Volkov,Sergey1"]
[Black "Golovin,Leo"]
[Result "0-1"]
[WhiteElo "2619"]
[BlackElo "2448"]

1.d4 d5 2.c4 Nc6 3.Nf3 Bg4 4.Nc3 e6 5.cxd5 exd5 6.Bf4 Bb4 7.e3 Nf6 8.Be2 O-O
9.O-O Bxc3 10.bxc3 Na5 11.Nd2 Bxe2 12.Qxe2 c6 13.c4 Nxc4 14.Nxc4 dxc4 15.Qxc4 Qd5
16.Rfc1 Rfc8 17.Be5 Nd7 18.Qxd5 cxd5 19.Bc7 Kf8 20.Rab1 b6 21.Rc6 Nf6 22.Rbc1 Ne8
23.Be5 Rxc6 24.Rxc6 Ke7 25.Rc3 f6 26.Bf4 Kd7 27.h4 Rc8 28.Ra3 a5 29.Rb3 Kc6
30.a4 Kb7 31.Rb5 Rc1+ 32.Kh2 Nc7 33.Bxc7 Kxc7 34.Rxd5 Rc4 35.e4 Rxa4 36.f4 Kc6
37.h5 h6 38.Kg3 f5 39.Rxf5 Rxd4 40.e5 Rd7 41.Rf8 Ra7 42.e6 a4 43.Rf7 Ra8
44.Rxg7 a3 45.e7 Re8 46.Rg6+ Kc5 47.Re6 a2 48.Re1 Rxe7 49.Rxe7 a1=Q 50.Re6 b5
51.Rxh6 b4 52.Re6 b3 53.h6 Qc3+ 54.Kg4 b2 55.Re8 b1=Q 56.Rc8+ Kd4 57.Rxc3 Qg6+  0-1

[Event "14th Master Open"]
[Site "Voronezh RUS"]
[Date "2010.06.19"]
[Round "7"]
[White "Zaiatz,E"]
[Black "Pasiev,R"]
[Result "1/2-1/2"]
[WhiteElo "2392"]
[BlackElo "2275"]

1.d4 d5 2.c4 Nc6 3.Nc3 dxc4 4.Nf3 Nf6 5.e4 Bg4 6.Be3 e6 7.a3 Be7 8.Bxc4 O-O
9.Bb5 Nb8 10.h3 Bh5 11.g4 Bg6 12.Bd3 Nbd7 13.h4 h5 14.gxh5 Bxh5 15.Be2 c5
16.Rg1 cxd4 17.Nxd4 Bxe2 18.Qxe2 Rc8 19.Rd1 Rxc3 20.bxc3 Qa5 21.Kf1 Rc8 22.Bd2 Qe5
23.Re1 Bxa3 24.f4 Qh5 25.Qxh5 Nxh5 26.Rb1 Nc5 27.e5 Ne4 28.Be1 b6 29.Kg2 a5
30.Rb3 Bc1 31.Kf3 Nc5 32.Rxb6 Bxf4 33.Rc6 Rxc6 34.Nxc6 a4 35.c4 Nb3 36.Bc3 Bd2
37.Bb2 Nf4 38.Ba3 Nd3 39.Ke2 Bc1 40.Kxd3 Bxa3 41.Kc3 Bc5 42.Rd1 g6 43.Rd8+ Kg7
44.Ra8 Bf2 45.Rxa4 Nc5 46.Ra2 Bxh4 47.Kb4 Bf2 48.Kb5 Be3 49.Re2 Bg1 50.Nb4 Nb3
51.Nc2 Ba7 52.Rg2 f5 53.exf6+ Kxf6 54.Rg3 Nd4+ 55.Nxd4 Bxd4 56.c5 g5 57.c6 Be5
58.Rf3+ Ke7 59.Ka6 g4 60.Re3 Bd6 61.Kb7 Kf6 62.Kc8 Kf5 63.Kd7 Bf4 64.Rxe6 g3
65.Re2 Kg4 66.c7  1/2-1/2

[Event "14th Master Open"]
[Site "Voronezh RUS"]
[Date "2010.06.19"]
[Round "7"]
[White "Grigoryan,Av"]
[Black "Golovin,Leo"]
[Result "1/2-1/2"]
[WhiteElo "2576"]
[BlackElo "2448"]

1.d4 d5 2.c4 Nc6 3.cxd5 Qxd5 4.e3 e5 5.Nc3 Bb4 6.Bd2 Bxc3 7.Bxc3 exd4 8.Ne2 Nf6
9.Nxd4 O-O 10.Rc1 Nxd4 11.Qxd4 c5 12.Qxd5 Nxd5 13.Bd2 b6 14.e4 Nc7 15.f3 f5
16.exf5 Bxf5 17.Kf2 Rad8 18.Bg5 Rd7 19.Be2 h6 20.Be3 Nd5 21.Bd2 Be6 22.Rhd1 Nf6
23.Be1 Rfd8 24.Rxd7 Rxd7 25.a3 Bb3 26.Rc3 Be6 27.b4 Nd5 28.Rc4 cxb4 29.axb4 Ne7
30.Rc1 Nd5 31.g3 Kf7 32.h4 g5 33.hxg5 hxg5 34.Bd2 g4 35.Bb5 Rc7 36.Bc4 Rd7
37.Bg5 gxf3 38.Bb5  1/2-1/2

[Event "14th Master Open"]
[Site "Voronezh RUS"]
[Date "2010.06.21"]
[Round "9"]
[White "Chuprikov,D"]
[Black "Artemiev,V"]
[Result "1/2-1/2"]
[WhiteElo "2414"]
[BlackElo "2246"]

1.d4 d5 2.c4 Nc6 3.Nc3 dxc4 4.d5 Ne5 5.Qd4 Ng6 6.h4 e5 7.Qxc4 Bd6 8.h5 N6e7
9.h6 g6 10.Nf3 f5 11.Bg5 Bd7 12.e3 a6 13.a3 b5 14.Qh4 e4 15.Nd4 Qb8 16.Be2 b4
17.axb4 Qxb4 18.O-O Kf7 19.Rxa6 Rxa6 20.Bxa6 Qxb2 21.Nce2 Qa2 22.Bb7 Qb2
23.Bc6 Bxc6 24.dxc6 Nxc6 25.Nxc6 Qxe2 26.Nd8+ Ke8 27.Bf6 Nxf6 28.Qxf6 Rf8
29.Qe6+ Kxd8 30.Ra1  1/2-1/2

[Event "1st Open"]
[Site "Marrakesh MAR"]
[Date "2010.06.29"]
[Round "6"]
[White "Doncea,V"]
[Black "Miladinovic,I"]
[Result "1/2-1/2"]
[WhiteElo "2465"]
[BlackElo "2559"]

1.d4 d5 2.c4 Nc6 3.Nf3 Bg4 4.cxd5 Bxf3 5.exf3 Qxd5 6.Be3 e5 7.Nc3 Bb4 8.Qa4 Ne7
9.O-O-O Bxc3 10.bxc3 exd4 11.Rxd4 Qe5 12.Qb5 O-O 13.Qxe5 Nxe5 14.Bb5 a6 15.Ba4 Nf5
16.Rd5 Nxe3 17.fxe3 Nc4 18.Rd3 Rfd8 19.Rhd1 Rxd3 20.Rxd3 Kf8 21.e4 c6 22.Rd4 Nb6
23.Bb3 a5 24.e5 Re8 25.f4 f6 26.exf6 gxf6 27.Kd2 f5 28.h3 h5 29.g3 Kg7 30.a3 Re7
31.Rd8 a4 32.Ba2 Nd7 33.Bb1 Kf6 34.Rh8 Rg7 35.Rh6+ Kf7 36.Rxh5 Rxg3 37.Bxf5 Nf6
38.Rg5 Rf3 39.Bg6+  1/2-1/2

[Event "ch-SWE Mastarklassen"]
[Site "Lund SWE"]
[Date "2010.07.04"]
[Round "2"]
[White "Melander,J"]
[Black "Azizi,H"]
[Result "0-1"]
[WhiteElo "1934"]
[BlackElo "2148"]

1.d4 d5 2.c4 Nc6 3.Nc3 dxc4 4.Nf3 e6 5.e4 Nf6 6.Bxc4 Bb4 7.Bg5 h6 8.Bxf6 Qxf6
9.a3 Bxc3+ 10.bxc3 e5 11.h3 O-O 12.Qd3 Re8 13.d5 Ne7 14.Bb5 Rd8 15.Rd1 Ng6
16.g3 c6 17.Bc4 b5 18.Bb3 Be6 19.Qe2 cxd5 20.exd5 Bd7 21.Kf1 Rac8 22.Rc1 Qd6
23.Qb2 Bf5 24.Nd2 Bd3+ 25.Kg2 e4 26.Rhe1 Ne5 27.Nxe4 Bxe4+ 28.Rxe4 Nd3 29.Qd2 Nxc1
30.Qxc1 Qc5 31.Re3 Rd6 32.Rf3 a5 33.Qf4 Rf6 34.Qg4 Rxf3 35.Qxf3 Qxc3 36.Qf5 Rd8  0-1

[Event "ch-SWE Mastarklassen"]
[Site "Lund SWE"]
[Date "2010.07.06"]
[Round "4"]
[White "Hedin,G"]
[Black "Azizi,H"]
[Result "0-1"]
[WhiteElo "2120"]
[BlackElo "2148"]

1.d4 d5 2.c4 Nc6 3.Nc3 dxc4 4.Nf3 Nf6 5.Bg5 h6 6.Bxf6 exf6 7.e3 Bd6 8.Bxc4 O-O
9.O-O a6 10.h3 f5 11.a3 Bd7 12.Re1 Rb8 13.Bf1 Re8 14.g3 Ne7 15.Nd2 c6 16.Bg2 Be6
17.Qc2 Rc8 18.Rad1 Qb6 19.Na4 Qc7 20.Nc5 Bd5 21.Nc4 Bxg2 22.Kxg2 Rb8 23.Rc1 g6
24.Nd3 Nd5 25.Nxd6 Qxd6 26.Qe2 Kg7 27.Qf3 Re7 28.Nf4 Nf6 29.Rc2 Rbe8 30.Rec1 Ne4
31.Ne2 Ng5 32.Qf4 Qd5+ 33.f3 Rxe3 34.Ng1 Nxf3 35.Nxf3 g5 36.Qc7  0-1

[Event "9th Open"]
[Site "La Fere FRA"]
[Date "2010.07.09"]
[Round "8"]
[White "Eeckhout,J"]
[Black "Roux,JeanF"]
[Result "1/2-1/2"]
[WhiteElo "1713"]
[BlackElo "1588"]

1.d4 d5 2.c4 Nc6 3.e3 e5 4.dxe5 Nxe5 5.cxd5 Nf6 6.a3 Be7 7.Nc3 Bf5 8.Be2 O-O
9.Nf3 Ned7 10.Nh4 Be4 11.Nxe4 Nxe4 12.Nf5 Nb6 13.Nxe7+ Qxe7 14.O-O Rad8 15.f3 Rxd5
16.Qc2 Nf6 17.b4 Rfd8 18.e4 R5d7 19.Be3 h6 20.Rad1 Nbd5 21.Bc5 Qe8 22.exd5 Nxd5
23.Bb5 c6 24.Rde1 Ne7 25.Bc4 b6 26.Rxe7 Rxe7 27.Bxe7 Qxe7 28.Kf2 Qd6 29.Rb1 Qd4+
30.Kg3 Qe5+ 31.Kh3 Qh5+ 32.Kg3 Qg5+ 33.Kh3 Qh5+  1/2-1/2

[Event "85th ch-ARG"]
[Site "Buenos Aires ARG"]
[Date "2010.07.10"]
[Round "6"]
[White "Vigil,L"]
[Black "Galleto,Ricardo"]
[Result "1-0"]
[WhiteElo "2053"]
[BlackElo "2019"]

1.d4 d5 2.c4 Nc6 3.cxd5 Qxd5 4.e3 e5 5.Nc3 Bb4 6.Bd2 Bxc3 7.Bxc3 exd4 8.Ne2 Bg4
9.f3 Bxf3 10.gxf3 Qxf3 11.Nxd4 Qxh1 12.Nxc6 Qxc6 13.Bxg7 Rd8 14.Qh5 Qd5 15.Qxd5 Rxd5
16.Bxh8 f6 17.Bc4 Rg5 18.Kd2 b5 19.Bxg8 Rxg8 20.Bxf6 Rg2+ 21.Kd3 c5 22.Be5 Kd7
23.Bg3 Rxb2 24.Kc3 Re2 25.Bf4 Kc6 26.a3 a5 27.Kd3 Rg2 28.e4 c4+ 29.Kd4 Rf2
30.Be3 Rxh2 31.a4 b4 32.Kxc4 Rc2+ 33.Kd4 h5 34.Rc1 Rxc1 35.Bxc1 h4 36.Ke3 Kc5
37.Bb2 Kc4 38.e5  1-0

[Event "Heart of Finland"]
[Site "Jyvaskyla FIN"]
[Date "2010.07.11"]
[Round "9"]
[White "Koskinen,E"]
[Black "Franssila,T"]
[Result "0-1"]
[WhiteElo "1959"]
[BlackElo "2261"]

1.d4 d5 2.c4 Nc6 3.Nf3 Bg4 4.Bf4 e6 5.e3 Bb4+ 6.Nc3 Nf6 7.a3 Bxc3+ 8.bxc3 O-O
9.Bd3 dxc4 10.Bxc4 Nd5 11.Rc1 Nxf4 12.exf4 Qd6 13.g3 Qxa3 14.Be2 Ne7 15.h3 Bf5
16.Ne5 Nd5 17.Nc4 Qe7 18.h4 h6 19.g4 Bh7 20.g5 Nxf4 21.gxh6 gxh6 22.Ne5 f6
23.Ng4 h5 24.Ne3 Kh8 25.Kd2 e5 26.Bxh5 exd4 27.cxd4 Qb4+  0-1

[Event "Int ch-SVK OpenA"]
[Site "Banska Stiavnica SVK"]
[Date "2010.07.12"]
[Round "3"]
[White "Pacher,M"]
[Black "Riabov,Alex"]
[Result "1-0"]
[WhiteElo "2417"]
[BlackElo "2100"]

1.d4 d5 2.c4 Nc6 3.Nc3 dxc4 4.d5 Ne5 5.e4 e6 6.Qd4 Qf6 7.Bxc4 Nxc4 8.Qxc4 Bd6
9.Nf3 exd5 10.Nxd5 Qg6 11.e5 Qxg2 12.exd6 Qxf3 13.Rg1 Nf6 14.Nxc7+ Kd8 15.Qxf7 Bg4
16.Ne6+  1-0

[Event "2nd Artemis Cup"]
[Site "Leros GRE"]
[Date "2010.07.13"]
[Round "1"]
[White "Haldaiakis,V"]
[Black "Bromann,T"]
[Result "0-1"]
[WhiteElo "1797"]
[BlackElo "2426"]

1.d4 d5 2.c4 Nc6 3.Nf3 Bg4 4.e3 e6 5.Be2 Nf6 6.O-O dxc4 7.Nc3 a6 8.a4 Bd6
9.e4 Bxf3 10.Bxf3 Nxd4 11.Bg5 O-O 12.h3 e5 13.Nd5 Be7 14.Nxe7+ Qxe7 15.Ra3 Rfd8
16.Qc1 b5 17.Bd1 h6 18.Bxf6 Qxf6 19.axb5 axb5 20.Rxa8 Rxa8 21.Kh2 Ra2 22.Qc3 Qc6
23.Re1 Qc5 24.b4 Qa7 25.Re3 c5 26.h4 cxb4 27.Qxb4 Nc6 28.Qb1 b4 29.Be2 b3
30.Kh3 Qd7+ 31.Bg4 Qd2  0-1

[Event "3rd Open"]
[Site "Paracin SRB"]
[Date "2010.07.13"]
[Round "6"]
[White "Milenkovic,M"]
[Black "Dinic,Dr"]
[Result "1/2-1/2"]
[WhiteElo "2380"]
[BlackElo "2285"]

1.d4 d5 2.c4 Nc6 3.Nc3 Nf6 4.cxd5 Nxd5 5.e4 Nxc3 6.bxc3 e5 7.d5 Ne7 8.Nf3 Ng6
9.h4 Bd6 10.h5 Nf8 11.Bb5+ Nd7 12.Rb1 O-O 13.Bxd7 Qxd7 14.Nh4 b6 15.Nf5 f6
16.Qg4 Kh8 17.Rh3 Rf7 18.Rg3 Ba6 19.Qd1 Bc5 20.Be3 Bxe3 21.Nxe3 Qd6 22.c4 Bc8
23.Kf1 Bd7 24.Kg1 Raf8  1/2-1/2

[Event "ZDMI Open"]
[Site "Dresden GER"]
[Date "2010.07.16"]
[Round "7"]
[White "Lysyj,I"]
[Black "Ghaem Maghami,E"]
[Result "1/2-1/2"]
[WhiteElo "2631"]
[BlackElo "2585"]

1.d4 d5 2.c4 Nc6 3.Nc3 dxc4 4.Nf3 Nf6 5.e3 Bg4 6.Bxc4 e6 7.h3 Bh5 8.Bb5 Bd6
9.Qa4 O-O 10.Bxc6 bxc6 11.Qxc6 Rb8 12.Qc4  1/2-1/2

[Event "2nd Artemis Cup"]
[Site "Leros GRE"]
[Date "2010.07.16"]
[Round "5"]
[White "Mamedjarova,Z"]
[Black "Bromann,T"]
[Result "1/2-1/2"]
[WhiteElo "2231"]
[BlackElo "2426"]

1.d4 d5 2.c4 Nc6 3.Nc3 dxc4 4.Nf3 Nf6 5.e4 Bg4 6.Be3 e6 7.Bxc4 Bb4 8.Qc2 O-O
9.Rd1 Ne7 10.Be2 c5 11.dxc5 Qa5  1/2-1/2

[Event "ch-USA w"]
[Site "St Louis USA"]
[Date "2010.07.17"]
[Round "7"]
[White "Rohonyan,K"]
[Black "Marshall,A"]
[Result "1-0"]
[WhiteElo "2319"]
[BlackElo "2182"]

1.d4 d5 2.c4 Nc6 3.Nf3 Bg4 4.cxd5 Bxf3 5.gxf3 Qxd5 6.e3 e5 7.Nc3 Bb4 8.Bd2 Bxc3
9.bxc3 Qd6 10.Rb1 b6 11.f4 exf4 12.e4 Nge7 13.Qf3 O-O 14.Bxf4 Qa3 15.Bg2 Ng6
16.O-O Nxd4 17.cxd4 Qxf3 18.Bxf3 Nxf4 19.Rfc1 c5 20.dxc5 Nd3 21.Rc4 Nxc5
22.a4 Rad8 23.a5 Rd6 24.axb6 axb6 25.Rcb4 Rb8 26.h4 Rf6 27.Kg2 Kf8 28.h5 Ke7
29.Rb5 Ne6 30.Bg4 Kd8 31.Rd5+ Kc7 32.Rc1+ Nc5 33.e5 Rc6 34.f4 Rd8 35.Bf3 Rh6
36.Ra1 Rxd5 37.Bxd5 b5 38.Bxf7 Nd3 39.Kf3 Nb4 40.Ke4 Kb6 41.e6 Nc6 42.Rd1 b4
43.Rd6 Rf6 44.Rxc6+ Kxc6 45.e7 Rxf7 46.e8=Q+ Rd7 47.Qe6+ Kc7 48.Qc4+  1-0

[Event "ZDMI Open"]
[Site "Dresden GER"]
[Date "2010.07.18"]
[Round "9"]
[White "Khenkin,I"]
[Black "Seres,L"]
[Result "1/2-1/2"]
[WhiteElo "2632"]
[BlackElo "2460"]

1.d4 d5 2.c4 Nc6 3.Nc3 dxc4 4.Nf3 Nf6 5.e4 Bg4 6.Be3 e6 7.Bxc4 Bb4 8.Qc2 O-O
9.O-O-O Bxc3 10.bxc3 Qe7 11.h3 Bxf3 12.gxf3 Na5 13.Bd3 c5 14.e5 Nd5 15.Bxh7+ Kh8
16.Be4 cxd4 17.Bxd4 Rfd8 18.Qa4 Nc6 19.Kb2 b5 20.Qxb5  1/2-1/2

[Event "25th Touraine Open"]
[Site "Avoine FRA"]
[Date "2010.07.20"]
[Round "4"]
[White "Bodicker,R"]
[Black "Gauthier,L"]
[Result "1/2-1/2"]
[WhiteElo "2081"]
[BlackElo "1841"]

1.d4 d5 2.c4 Nc6 3.Nf3 Bg4 4.e3 e5 5.dxe5 d4 6.Be2 Bb4+ 7.Bd2 d3 8.Bf1 Bxd2+
9.Nbxd2 Nxe5 10.Qa4+ Nc6 11.h3 Bd7 12.Qb3 Nf6 13.Bxd3 O-O 14.Rd1 Qc8 15.Nf1 Re8
16.Ng3 Ne5 17.Nxe5 Rxe5 18.Qc3 Qe8 19.O-O Rg5 20.Qd4 c5 21.Qf4 h6 22.Ne4 Nxe4
23.Qxe4 Qe6 24.Qxe6 Bxe6 25.Kh2 f5 26.Be2 Rf8 27.Rd6 Rg6 28.b3 Rgf6 29.Bf3 b6
30.Rfd1 g6 31.Rc6 Rc8 32.Rdd6 Rxc6 33.Rxc6 Kg7 34.Kg3 Bg8 35.Rc7+ Rf7 36.Rxf7+ Bxf7
37.Bd5 Kf6 38.Bxf7 Kxf7 39.h4 Kf6 40.f4 h5 41.Kf3 Ke7 42.e4 Ke6 43.e5 Ke7
44.Ke3 Ke6 45.Kd3 a6 46.Kc3 a5 47.a3 Kd7 48.b4 a4  1/2-1/2

[Event "Corporation Centre Cup"]
[Site "Izhevsk RUS"]
[Date "2010.07.22"]
[Round "8"]
[White "Karpov,Va"]
[Black "Pasiev,R"]
[Result "1-0"]
[WhiteElo "2383"]
[BlackElo "2240"]

1.d4 d5 2.c4 Nc6 3.cxd5 Qxd5 4.e3 e5 5.Nc3 Bb4 6.Bd2 Bxc3 7.bxc3 Qd6 8.Bd3 Nge7
9.Ne2 O-O 10.O-O f5 11.Bc1 e4 12.Bc4+ Kh8 13.Nf4 Na5 14.Be2 b6 15.c4 c5 16.Ba3 Qc7
17.dxc5 bxc5 18.Qc2 Ng6 19.Nd5 Qc6 20.Qc3 Nb7 21.Bb2 Rf7 22.Bh5 Nd6 23.Bxg6 hxg6
24.Nf4 Kh7 25.Nh3 Kg8 26.Ng5 Re7 27.Rfd1 Rb8 28.Rd2 Ba6 29.Rad1 Nb7 30.Rd5 Rbe8
31.h4 Qa4 32.Rc1 Qc6 33.Qd2 Qb6 34.Ba1 Qc6 35.g3 Qa4 36.h5 Qc6 37.h6  1-0

[Event "21st Czech GM Open"]
[Site "Pardubice CZE"]
[Date "2010.07.23"]
[Round "1"]
[White "Zakhartsov,Vi"]
[Black "AlHuwar,J"]
[Result "1-0"]
[WhiteElo "2608"]
[BlackElo "2311"]

1.d4 d5 2.c4 Nc6 3.Nc3 e5 4.cxd5 Nxd4 5.e3 Nf5 6.Nf3 Bd6 7.e4 Nfe7 8.Bb5+ Bd7
9.Qb3 Rb8 10.Bxd7+ Qxd7 11.Be3 b6 12.O-O Nf6 13.Bg5 O-O 14.a4 h6 15.Bxf6 gxf6
16.Nb5 Qg4 17.Nd2 Kh7 18.Rac1 Ng6 19.Qf3 Qg5 20.Nxd6 cxd6 21.Qe3 Nf4 22.g3 Rbc8
23.Kh1 Ng6 24.Nc4 Rfd8 25.Rc3 Qg4 26.Rfc1 Ne7 27.f3 Qh3 28.f4 Rc7 29.Qf3 Kg8
30.fxe5 fxe5 31.Nxe5  1-0

[Event "COQ Inv"]
[Site "Montreal CAN"]
[Date "2010.07.24"]
[Round "1"]
[White "Malaniuk,V"]
[Black "Ghannoum,M"]
[Result "1-0"]
[WhiteElo "2543"]
[BlackElo "2230"]

1.d4 d5 2.c4 Nc6 3.Nc3 dxc4 4.Nf3 Nf6 5.e4 Bg4 6.Be3 e6 7.Bxc4 Bb4 8.Qd3 Qe7
9.Bb5 Bxf3 10.gxf3 Nd7 11.a3 Ba5 12.Bxc6 bxc6 13.Qc4 O-O 14.Qxc6 Rab8 15.b4 Bb6
16.Rg1 f5 17.Rd1 a5 18.Qc4 axb4 19.axb4 Rbe8 20.Bg5 Qf7 21.Bh6 Qh5 22.Bxg7 Rf7
23.Be5+ Kf8 24.Bxc7 Bxc7 25.Qxc7 Qxf3 26.Qd6+ Ree7 27.Rg3 Qh5 28.Ra1 Rf6
29.Ra8+ Kf7 30.Rag8  1-0

[Event "ch-AUT"]
[Site "Vienna AUT"]
[Date "2010.07.28"]
[Round "5"]
[White "Pilaj,H"]
[Black "Dueckstein,A"]
[Result "1-0"]
[WhiteElo "2362"]
[BlackElo "2254"]

1.d4 d5 2.c4 Nc6 3.Nc3 Nf6 4.cxd5 Nxd5 5.Nf3 g6 6.e4 Nxc3 7.bxc3 Bg7 8.Bg5 O-O
9.Qd2 Bg4 10.Be2 Qd7 11.O-O Na5 12.Rad1 Bxf3 13.Bxf3 e5 14.Be2 b6 15.h4 Rfe8
16.h5 f6 17.Be3 Rad8 18.Qc2 Qf7 19.f4 Nc4 20.Bxc4 Qxc4 21.fxe5 fxe5 22.d5 Rf8
23.h6 Bf6 24.Rf3 Be7 25.Qb3 Qxb3 26.axb3 a5 27.c4 c5 28.Kf2 Rd6 29.Ke2 Rxf3
30.Kxf3 Kf7 31.Kg4  1-0

[Event "Open ch-BUL w"]
[Site "Vratsa BUL"]
[Date "2010.07.28"]
[Round "5"]
[White "Ivanova,G"]
[Black "Shivacheva,D"]
[Result "1-0"]
[WhiteElo "1771"]
[BlackElo "1681"]

1.d4 d5 2.c4 Nc6 3.Nc3 dxc4 4.Nf3 Bg4 5.d5 Bxf3 6.exf3 Ne5 7.Bf4 Ng6 8.Bxc4 a6
9.Be3 Nf6 10.Qb3 b5 11.Be2 Qd6 12.Rd1 e6 13.dxe6 Qxe6 14.Nxb5 Rc8 15.Bc4 Qe7
16.Na7 Qb4+ 17.Qxb4 Bxb4+ 18.Ke2 Ra8 19.Nc6 Bd6 20.Rhe1 O-O 21.Kf1 Ne5 22.Nxe5 Bxe5
23.Bd4 Bxd4 24.Rxd4 Rab8 25.Rd2 Rfd8 26.Rxd8+ Rxd8 27.Re7 Rd7 28.Rxd7 Nxd7
29.Bxa6 Nc5 30.Bc4 Kf8 31.Ke2 Na4 32.Bb3 Nc5 33.Ke3 Nxb3 34.axb3 Ke7 35.Kd4 Kd6
36.f4 f5 37.b4 g6 38.b5 h6 39.h4 h5 40.f3 Ke6 41.Kc5 Kd7 42.Kd5 Ke7 43.Kc6 Kd8
44.b4 Kc8 45.b6 cxb6 46.Kxb6 Kb8 47.Kc6 Kc8 48.b5  1-0

[Event "21st Czech GM Open"]
[Site "Pardubice CZE"]
[Date "2010.07.29"]
[Round "7"]
[White "Sriram,J"]
[Black "Ortmann,D"]
[Result "1/2-1/2"]
[WhiteElo "2490"]
[BlackElo "2340"]

1.d4 d5 2.c4 Nc6 3.Nf3 Bg4 4.cxd5 Bxf3 5.gxf3 Qxd5 6.e3 e5 7.Nc3 Bb4 8.Bd2 Bxc3
9.bxc3 Nf6 10.c4 Qd6 11.d5 Ne7 12.Rb1 b6 13.Qa4+ Nd7 14.Bh3 c6 15.Bxd7+  1/2-1/2

[Event "49th WJun"]
[Site "Chotowa POL"]
[Date "2010.08.03"]
[Round "1"]
[White "Golichenko,I"]
[Black "Janus,P"]
[Result "0-1"]
[WhiteElo "2419"]
[BlackElo "2085"]

1.d4 d5 2.c4 Nc6 3.cxd5 Qxd5 4.e3 e5 5.Nc3 Bb4 6.Bd2 Bxc3 7.bxc3 Nf6 8.f3 O-O
9.Bd3 Re8 10.Ne2 b6 11.O-O a5 12.e4 Qd7 13.Be3 Ba6 14.Bxa6 Rxa6 15.d5 Ne7
16.c4 Nc8 17.Qd3 Ra8 18.Rfc1 c5 19.Rab1 Qa7 20.Qb3 Nd7 21.Qa4 Qc7 22.d6 Nxd6
23.Rd1 Rad8 24.Nc3 Nc8 25.Rd2 Nf6 26.Rxd8 Rxd8 27.Bg5 Ne7 28.Qb3 Rd3 29.Qc2 Rd7
30.Qb2 Rd3 31.Na4 Nc8 32.Nxb6 Nxb6 33.Qxb6 Qxb6 34.Rxb6 Nd7 35.Rb5 f6 36.Bh4 Rd1+
37.Kf2 Rd2+ 38.Kf1 Rxa2 39.Rb7 Nf8 40.Re7 Ng6  0-1

[Event "Politiken Cup"]
[Site "Copenhagen DEN"]
[Date "2010.08.05"]
[Round "7"]
[White "Holst,C"]
[Black "Helin,M"]
[Result "1-0"]
[WhiteElo "2185"]
[BlackElo "1930"]

1.d4 d5 2.c4 Nc6 3.Nf3 Bg4 4.cxd5 Bxf3 5.gxf3 Qxd5 6.e3 e5 7.Nc3 Bb4 8.Bd2 Bxc3
9.bxc3 exd4 10.cxd4 Nge7 11.Rb1 O-O 12.Be2 a6 13.Qb3 Qg5 14.Bd3 Rfe8 15.Be4 Kh8
16.Qxf7 Rf8 17.Qe6 Nf5 18.Bxf5 Rae8 19.Qd7 Qg2 20.Ke2 Re7 21.Rbg1 Rxd7 22.Rxg2 Rxf5
23.Rb1 b5 24.Bc3 b4 25.Bd2 a5 26.f4 h6 27.Rg6 Ne7 28.Re6 Rfd5 29.Rc1 Nf5
30.Re5 Nxd4+ 31.exd4 Rxd4 32.Be3 Rd3 33.Rxa5 b3 34.axb3 Rxb3 35.Ra7 Rb5 36.Rcxc7 Rxc7
37.Rxc7 Rd5 38.Kf3 Rd6 39.f5 Rd1 40.Ke4 Re1 41.Kd5 h5 42.Bd4 Rg1 43.Rxg7 Rxg7
44.Ke6  1-0

[Event "Politiken Cup"]
[Site "Copenhagen DEN"]
[Date "2010.08.05"]
[Round "7"]
[White "Brondum,E"]
[Black "Meier,L"]
[Result "1/2-1/2"]
[WhiteElo "2145"]
[BlackElo "1934"]

1.d4 d5 2.c4 Nc6 3.Nf3 Bg4 4.e3 e6 5.Nc3 Nf6 6.Be2 Be7 7.a3 O-O 8.O-O a5
9.b3 Ne4 10.Nxe4 dxe4 11.Nd2 Bxe2 12.Qxe2 f5 13.Bb2 Bf6 14.Rfd1 Qe8 15.g3 Qg6
16.Kh1 Ne7 17.a4 Rfd8 18.Ba3 Nc6 19.Rac1 Rd7 20.Nb1 Nd8 21.d5 e5 22.Nc3 Nf7
23.c5 Ng5 24.c6 bxc6 25.dxc6 Rxd1+ 26.Rxd1 Nf3 27.Kg2 Qh5 28.h3 Qf7 29.Qc4 Rd8
30.Rxd8+ Bxd8 31.Qxf7+ Kxf7 32.b4 Be7 33.b5 Ke6 34.b6 cxb6 35.c7 Kd7 36.c8=Q+ Kxc8
37.Bxe7 Kd7 38.Bf8 g6 39.h4 Kc6 40.Kf1 Nd2+ 41.Ke2 Nc4 42.Bg7 Kc5 43.Bf8+ Kc6  1/2-1/2

[Event "Politiken Cup"]
[Site "Copenhagen DEN"]
[Date "2010.08.05"]
[Round "7"]
[White "Molvig,H"]
[Black "Jensen,I"]
[Result "1-0"]
[WhiteElo "2179"]
[BlackElo "1970"]

1.d4 d5 2.c4 Nc6 3.cxd5 Qxd5 4.e3 e5 5.Nc3 Bb4 6.Bd2 Bxc3 7.bxc3 exd4 8.cxd4 Nf6
9.Nf3 O-O 10.Be2 Ne4 11.O-O Nxd2 12.Qxd2 Bg4 13.h3 Bh5 14.Rac1 Qd6 15.Rc5 Bg6
16.Rfc1 Rac8 17.Bd3 Nd8 18.Bxg6 hxg6 19.Qc2 Ne6 20.Rc4 c6 21.a4 Rcd8 22.Qb2 Qe7
23.Ne5 Kh7 24.Rb4 c5 25.Rxb7 Qe8 26.dxc5 Qxa4 27.Qc2 Rd5 28.Qxa4  1-0

[Event "Politiken Cup"]
[Site "Copenhagen DEN"]
[Date "2010.08.06"]
[Round "8"]
[White "Gupta,Sud"]
[Black "Mollmann,Erik"]
[Result "1/2-1/2"]
[WhiteElo "1835"]
[BlackElo "1698"]

1.d4 d5 2.c4 Nc6 3.e3 e5 4.dxe5 Bb4+ 5.Bd2 dxc4 6.Bxc4 Bxd2+ 7.Qxd2 Qxd2+
8.Nxd2 Nxe5 9.Be2 Be6 10.Ngf3 Nxf3+ 11.Nxf3 Nf6 12.O-O O-O 13.Nd4 Bd7 14.Rac1 c6
15.Bf3 Rfe8 16.Rfd1 Rac8 17.b4 g6 18.Nb3 Bg4 19.Bxg4 Nxg4 20.Rd7 b6 21.Rxa7 Ra8
22.Rxa8 Rxa8 23.h3 Ne5 24.Nd4 Rxa2 25.Nxc6 Nd3 26.Rf1 Rb2 27.Ne7+ Kf8  1/2-1/2

[Event "49th WJun"]
[Site "Chotowa POL"]
[Date "2010.08.09"]
[Round "6"]
[White "Posedaru,B"]
[Black "Janus,P"]
[Result "1-0"]
[WhiteElo "2294"]
[BlackElo "2085"]

1.d4 d5 2.c4 Nc6 3.cxd5 Qxd5 4.e3 e5 5.Nc3 Bb4 6.Bd2 Bxc3 7.bxc3 Nf6 8.f3 O-O
9.e4 Qd6 10.d5 Nb8 11.c4 b6 12.Ne2 a5 13.Nc3 Bd7 14.Be2 Na6 15.O-O Nc5 16.g4 Rae8
17.Qe1 Na4 18.Nd1 Re7 19.Qh4 Nc5 20.Kh1 Ne8 21.Nc3 Na4 22.Nd1 f6 23.Be3 Qa3
24.Qe1 Nd6 25.Bc1 Qc5 26.Be3 Qa3 27.Qd2 Nb7 28.Nf2 g5 29.Bd1 Nac5 30.Rc1 Qb4
31.Qxb4 axb4 32.Bd2 Ra8 33.Ra1 Ba4 34.Bxb4 Bxd1 35.Nxd1 Ree8 36.Nc3 Nd3 37.a3 Kf7
38.Kg2 Rec8 39.Rab1 Ke8 40.Rfd1 Nf4+ 41.Kf2 Kd7 42.Nb5 h5 43.Bd2 Nd3+ 44.Kg3 Nbc5
45.h3 Rh8 46.Be3 Rh7 47.Bxc5 Nxc5 48.Kf2 Ra4 49.Rb4 Ra8 50.Ke3 hxg4 51.hxg4 Rh2
52.Rd2 Rh1 53.Rbb2 Rah8 54.Nc3 Nb7 55.Rb1 Na5 56.Kd3 Rxb1 57.Nxb1 Rh1 58.Rb2 Kd6
59.Nd2 Nb7 60.Rb1 Rh2 61.Ke3 Na5 62.c5+ Kxc5 63.Rc1+ Kd6 64.Nc4+ Nxc4+ 65.Rxc4 Ra2
66.Rc3 Kd7 67.Kd3 Rf2 68.Kc4 Rb2 69.a4 Ra2 70.Kb5 Rf2 71.Ka6 Kd8 72.Kb7 Rf1
73.Kc6 Rd1 74.Kb7 Rf1 75.Rxc7 Rxf3 76.Rf7 Ra3 77.d6 Ke8 78.Rh7 Rxa4 79.Kc6 Rd4
80.d7+ Kd8 81.Rh8+ Ke7 82.Re8+  1-0

[Event "TCh-MKD"]
[Site "Struga MKD"]
[Date "2010.08.11"]
[Round "3"]
[White "Mitkov,M"]
[Black "Mitkovski,Z"]
[Result "1/2-1/2"]
[WhiteElo "2398"]
[BlackElo "2168"]

1.d4 d5 2.c4 Nc6 3.Nc3 Nf6 4.cxd5 Nxd5 5.e4 Nb6 6.d5 Nb8 7.Nf3 e6 8.Bb5+ c6
9.dxc6 Qxd1+ 10.Kxd1 bxc6 11.Be2 Bc5 12.Be3 Bxe3 13.fxe3 Ke7 14.Rc1 f6 15.e5 Rd8+
16.Ke1 f5 17.Kf2 a5 18.Rhd1 N8d7 19.Rd4 Bb7 20.Na4 Nxa4 21.Rxa4 h6 22.b4 axb4
23.Rxb4 Ra7 24.Rb2 c5 25.Ne1 Bd5 26.Rcc2 Rda8 27.Bf3 g5 28.Nd3 c4 29.Nb4 Bxf3
30.gxf3 Nxe5 31.f4 Nd3+ 32.Nxd3 cxd3 33.Rd2 Ra3 34.Rb7+ Kf6 35.Rd7 Rxa2 36.Rxd3 R8a4
37.Rxa2 Rxa2+ 38.Kg3 Re2 39.h3 Ra2 40.Rb3 Ra4 41.Rc3 Re4 42.Rb3 h5 43.h4 g4
44.Kf2 Rc4 45.Rb2 Rc1 46.Kg2 Re1 47.Rb3 Re2+ 48.Kg3 Ke7 49.Rd3 Ke8 50.Ra3 Kd7
51.Rd3+ Kc6 52.Rc3+ Kd5 53.Rd3+ Ke4 54.Rd4+ Kxe3 55.Rd3+ Kxd3  1/2-1/2

[Event "e2e4 Autumn Challengers E"]
[Site "Uxbridge ENG"]
[Date "2010.08.11"]
[Round "1"]
[White "Merry,Alan B"]
[Black "Keogh,E"]
[Result "0-1"]
[WhiteElo "1931"]
[BlackElo "2047"]

1.d4 d5 2.c4 Nc6 3.Nc3 Nf6 4.cxd5 Nxd5 5.Nf3 e5 6.dxe5 Bb4 7.Bd2 Nxc3 8.bxc3 Bc5
9.Bg5 Qxd1+ 10.Rxd1 Bg4 11.Rd5 Be7 12.Bxe7 Kxe7 13.e3 Rhd8 14.Rb5 b6 15.Be2 a6
16.Rb1 Rd5 17.Rd1 Rc5 18.O-O Nxe5 19.Rc1 Nxf3+ 20.gxf3 Bh3 21.Rfe1 Rg5+ 22.Kh1 Bg2+
23.Kg1 Bxf3+ 24.Kf1 Bg2+ 25.Kg1 Bd5+ 26.Kf1 Bxa2 27.c4 Rc5 28.Red1 a5 29.Ke1 a4
30.Rd4 Bb3 31.Kd2 Rd8 32.Kc3 Rxd4 33.exd4 Rg5 34.Re1 Kd6 35.Kb4 c5+ 36.Kb5 cxd4+
37.Kxb6 Re5 38.f4 Re3 39.c5+ Ke7 40.c6 Be6 41.c7 d3 42.f5 Bxf5 43.Bxd3 Rxe1
44.Bxf5 Rc1 45.Kb7 a3  0-1

[Event "GM3 Proclient Cup"]
[Site "Olomouc CZE"]
[Date "2010.08.12"]
[Round "9"]
[White "Polak,T"]
[Black "Pisk,P"]
[Result "1-0"]
[WhiteElo "2544"]
[BlackElo "2337"]

1.d4 d5 2.c4 Nc6 3.Bg5 Nf6 4.Nc3 dxc4 5.d5 Ne5 6.Qd4 Ng6 7.Qxc4 e5 8.dxe6 Bxe6
9.Qb5+ Bd7 10.Qxb7 Rb8 11.Bxf6 gxf6 12.Qe4+ Be6 13.e3 Bd6 14.Bb5+ Kf8 15.Nf3 f5
16.Qd4 Rb6 17.O-O Rg8 18.Rfd1 a6 19.Bf1 Rxb2 20.Ne2 Qb8 21.Ne5 Bxe5 22.Qc5+ Bd6
23.Qc3 Be5 24.Nd4 Bxh2+ 25.Kxh2 c5+ 26.Kg1 cxd4 27.Qxd4 Rg7 28.Qf6  1-0

[Event "e2e4 Autumn Challengers E"]
[Site "Uxbridge ENG"]
[Date "2010.08.12"]
[Round "3"]
[White "Quinn,Joh"]
[Black "Keogh,E"]
[Result "1-0"]
[WhiteElo "2143"]
[BlackElo "2047"]

1.d4 d5 2.c4 Nc6 3.Nc3 Nf6 4.Nf3 dxc4 5.Bg5 a6 6.d5 Na5 7.e4 h6 8.Bh4 g5
9.Bg3 b5 10.e5 Nh5 11.e6 fxe6 12.Qc2 Rg8 13.O-O-O Nb7 14.Be5 Nf6 15.dxe6 Nd6
16.Nd4 c5 17.Nc6 Qc7 18.Bxf6 Qxc6 19.Be2 Bxe6 20.Bf3 Qc8 21.Rxd6 exd6 22.Re1 Ra7
23.Bd5 Re7 24.Bxe7 Bxd5 25.Nxd5 Kf7 26.Bxf8 Kxf8 27.Qh7  1-0